Alle Stationen der Linie S2 (NRW) - Statistiken

Allgemein
  • Dieses Quiz wurde 64 mal gespielt
  • Das Durchschnittsergebnis liegt bei 11 aus 16
Antwortstatistiken
Antwort % Korrekt
Dortmund Hbf
96%
Herne Bf
93%
Dortmund Dorstfeld
82%
Dortmund Mengede
82%
Essen Hbf
82%
Castrop-Rauxel Hbf
79%
Wanne-Eickel Hbf (HER)
79%
Gelsenkirchen Hbf
75%
Recklinghausen Hbf
64%
Dortmund Huckarde
61%
Dortmund Westerfilde
57%
Dortmund Wischlingen
57%
Essen Kray Nord Bf
57%
Dortmund Nette/Oestrich
54%
Gelsenkirchen Rotthausen
54%
Recklinghausen Süd
54%
Keine übereinstimmenden Quizze gefunden
Verteilung der Resultate
Anzahl Personen mit jedem Resultat
Perzentil nach korrekt beantworteten Fragen
Ihre Resultats-Entwicklung
Sie haben dieses Quiz noch nicht gespielt